| 000 | 00481nam a22001937a 4500 | ||
|---|---|---|---|
| 003 | MPLRDC | ||
| 005 | 20220104144155.0 | ||
| 008 | 210129b ||||| |||| 00| 0 eng d | ||
| 020 | _a7-5332-3591-6 | ||
| 082 | _a308 SYSN v.2 | ||
| 100 | _a贝托卢西 等著 | ||
| 245 |
_a生命的演化 _c孙汇琪 译 |
||
| 250 | _a一版二刷 | ||
| 260 |
_a _b明天 _c2001 |
||
| 300 | _b平 | ||
| 490 | _a视野少年百科全书 | ||
| 650 | _a百科全书 | ||
| 942 |
_cBK _o308 SYSN v.2 |
||
| 999 |
_c47091 _d47081 |
||